000
00308cam a2200133ua 4500
003
OSt
008
231108b |||||||| |||| 00| 0 eng d
041
_a
mal
082
_a
500
_b
GOV/GE
245
_a
General science /
260
_a
India :
_b
The Government of Kerala ,
_c
1964.
300
_a
92 ; .
942
_c
BK
999
_c
6122
_d
6122